Bytový dom

Saved in:
Bibliographic Details
Main Author: Valko, Ján (Author)
Other Authors: Palko, Milan (Thesis advisor)
Format: Manuscript Book
Language:Slovak
Published: 2024
Subjects:
Online Access:http://is.stuba.sk/zp/portal_zp.pl?podrobnosti=150147
https://opac.crzp.sk/?fn=detailBiblioForm&sid=F0082B7A009D1614B9C51EB883AC
Tags: Add Tag
No Tags, Be the first to tag this record!

MARC

LEADER 00000ntm a22000003a 4500
001 stuzp89759
003 SK-STU
005 20240917095229.9
007 ta
008 150427s2015----xo-----f-mn---000-0-slo-d
040 |a STU  |b slo 
041 0 |a slo 
100 1 |a Valko, Ján  |u 010180  |4 aut  |U SvF Stavebná fakulta  |T SvF Katedra konštrukcií pozemných stavieb  |X 98493  |U V180  |Y 18  |7 98493 
242 0 1 |a Residential building  |y eng 
245 1 0 |a Bytový dom 
260 |c 2024 
650 4 |a bytový dom  |2 slo 
650 4 |a skeletový systém  |2 slo 
650 4 |a polyfunkcia  |2 slo 
650 4 |a apartment building  |2 eng 
650 4 |a multi-purpose use  |2 eng 
650 4 |a skeleton system  |2 eng 
700 1 |a Palko, Milan  |u 010180  |k Z1  |4 ths  |U SvF Stavebná fakulta  |T SvF Katedra konštrukcií pozemných stavieb  |X 2552  |U V180  |Y 18  |7 A000002552 
856 4 |u http://is.stuba.sk/zp/portal_zp.pl?podrobnosti=150147 
856 4 |u https://opac.crzp.sk/?fn=detailBiblioForm&sid=F0082B7A009D1614B9C51EB883AC